000 00862nam0a22002411 4500
001 rc\2841676
005 20250529203038.0
035 _a(NLR Aleph) 006999224
090 _a5703941
_c5703941
100 _a20110629d1931 |||y0rusy50 ca
101 0 _arus
102 _aRU
105 _ay z |||||
200 1 _aОпробование месторождений бокситов
210 _a[Москва]
_a[Ленинград]
_cБ. и.
_d[1931]
215 _aС. 6-29
300 _aВ кн.: П. Сверчков. К материалам по методике опробования графитовых месторождений. М.-Л., 1931. Стр. 6-29
700 1 _aМишарев
_bД.Т.
_f1883-
_gДаниил Тимофеевич
801 0 _aRU
_bNLR
_gpsbo
801 1 _aRU
_bELAR
_2rusmarc
852 _aNLR
_j31-11/739
942 _cBOOK
980 _aNB